Mort subite Les départements français avec accès à la mer - Statistiques

Statistiques générales
  • Ce quiz a été pris 192 fois
  • Le résultat moyen est 20 sur 31
Answers on the Grid
Answers color-coded by a green-red scale on the quiz's grid according to % correct below.
Eure
Loir--et-Cher
Nord
Val-d'Oise
Vosges
Nièvre
Sarthe
Ain
Gironde
Haute-Marne
Ardennes
Yonne
Isère
Cher
Orne
Essonne
Côte d'or
Pas-de-Calais
Gers
Landes
Aisne
Pyrénées-Orientales
Mayenne
Tarn-et-Garonne
Vienne
Guadeloupe
Savoie
Indre
Somme
Ille-et-Vilaine
Pyrénées-Atlantiques
Aube
Guyane
Vendée
Haute-Savoie
Seine-et-Marne
Hautes-Pyrénées
Martinique
Hautes-Alpes
Yvelines
Côtes-d'Armor
Charente
Var
Loiret
Mayotte
Aude
Lot-et-Garonne
Corrèze
Seine-Saint-Denis
Doubs
Finistère
Lot
Alpes-de-Haute-Provence
Charente-Maritime
La Réunion
Haute-Saône
Haute-Garonne
Maine-et-Loire
Cantal
Alpes-Maritimes
Ariège
Manche
Jura
Tarn
Vaucluse
Aveyron
Eure-et-Loir
Moselle
Morbihan
Drôme
Deux-Sèvres
Lozère
Loire-Atlantique
Haute-Vienne
Haute-Corse
Meuse
Saône-et-Loire
Creuse
Meurthe-et-Moselle
Haute-Loire
Rhône
Gard
Paris
Ardèche
Dordogne
Seine-Maritime
Corse-du-Sud
Puy-de-Dôme
Hérault
Territoire de Belfort
Hauts-de-Seine
Bas-Rhin
Marne
Loire
Allier
Bouches-du-Rhône
Oise
Indre-et-Loire
Val-de-Marne
Haut-Rhin
Calvados
 
Statistiques - réponses
Réponse % Correct
Nord
83%
Guadeloupe
77%
Pyrénées-Atlantiques
77%
Guyane
74%
Martinique
74%
Gironde
73%
Vendée
72%
Pas-de-Calais
71%
Côtes-d'Armor
70%
Mayotte
70%
Landes
68%
Finistère
67%
Pyrénées-Orientales
67%
Alpes-Maritimes
66%
Corse-du-Sud
66%
La Réunion
66%
Var
66%
Charente-Maritime
65%
Loire-Atlantique
65%
Bouches-du-Rhône
64%
Haute-Corse
64%
Hérault
62%
Ille-et-Vilaine
61%
Morbihan
61%
Seine-Maritime
61%
Calvados
59%
Manche
59%
Somme
52%
Gard
49%
Aude
43%
Eure
36%
Aucun quiz correspondant
Distribution des résultats
% des personnes avec chaque résultat
Percentile par nombre de réponses
Votre historique - résultats
Vous n’avez pas pris ce quiz